000 00577nam a22001817a 4500
005 20231205161856.0
010 _aENG-137773
020 _a9788183151610
_c900.00
035 _aEN-121304
037 _bDBAD
082 _a323
_22011
100 _aJha, Ujjawala
_959531
245 _aDharmasastra and Human Right/
_cBy Ujjawala Jha
260 _c2011
_aDelhi
_bNew bhartiya book corporation
270 _a208,2nd floor Prakash Deep Building,4735/22, Ansari Road, Darya ganj,New Delhi - 110002
300 _a395p.
_c23cm(Hbk)
942 _2ddc
_cEN
_h323
_mJHA
999 _c196995
_d196995